|
|
|
|
| LEADER |
00000naa2a2200000 4500 |
| 001 |
522914 |
| 005 |
20240723151851.0 |
| 035 |
|
|
|a (RuTPU)RU\TPU\prd\203922
|
| 035 |
|
|
|a RU\TPU\prd\157477
|
| 090 |
|
|
|a 522914
|
| 100 |
|
|
|a 20131120a2011 k y0rusy50 ca
|
| 101 |
0 |
|
|a rus
|
| 102 |
|
|
|a RU
|
| 200 |
1 |
|
|a К вопросу раздельного учета при совместной добыче нефти и конденсата
|f И. В. Гончаров, Н. В. Обласов, Н. В. Новикова
|
| 320 |
|
|
|a Библиогр.: с. 96 (3 назв.)
|
| 461 |
|
0 |
|0 (RuTPU)RU\TPU\prd\1638
|x 0028-2448
|t Нефтяное хозяйство
|o научно-технический производственный журнал
|d 1925-1940, 1946-
|
| 463 |
|
0 |
|0 (RuTPU)RU\TPU\prd\126132
|t № 10
|v С. 94-96
|d 2011
|
| 610 |
1 |
|
|a труды учёных ТПУ
|
| 700 |
|
1 |
|a Гончаров
|b И. В.
|c геолог
|c профессор Томского политехнического университета, доктор геолого-минералогических наук
|f 1947-
|g Иван Васильевич
|3 (RuTPU)RU\TPU\pers\21956
|9 9275
|
| 701 |
|
1 |
|a Обласов
|b Н. В.
|c геолог
|c ведущий инженер Томского политехнического университета, кандидат геолого-минералогических наук
|f 1981-
|g Николай Владимирович
|3 (RuTPU)RU\TPU\pers\34003
|
| 701 |
|
1 |
|a Новикова
|b Н. В.
|
| 801 |
|
1 |
|a RU
|b 63413507
|c 20121030
|
| 801 |
|
2 |
|a RU
|b 63413507
|c 20160915
|g RCR
|
| 942 |
|
|
|c BK
|